000 00868nam a2200277 4500
001 16747
003 BD-RjUL
005 20211209000039.0
008 140215s1958 enka 001 0 eng c
035 _a(BD-RjUL)16802
040 _aCWR
_cCWR
_dMUQ
_dOCLCQ
_dMYG
_dBD-RjUL
_beng
041 _aeng
082 4 _a711.30942
_bFRG 1958
090 _aHN385.F7x 1958
100 1 _aFreeman, Thomas Walter.
_917338
245 1 0 _aGeography and planning /
_cThomas Walter Freeman
260 _aLondon :
_bHutchinson University Library,
_cc1958.
300 _a191 p. :
_bill. ;
_c19 cm.
490 1 _aHutchinson university library. Geography
504 _aIncludes index.
650 0 _aRegional planning
_zGreat Britain.
_951727
650 0 _aCity planning
_zGreat Britain.
_95728
830 0 _aHutchinson university library.
_951732
942 _2ddc
_cBK
999 _c16747
_d16747